| 000 | 00889nam a2200277Ia 4500 | ||
|---|---|---|---|
| 001 | Para_8108 | ||
| 003 | CHAP | ||
| 008 | 220125s9999 xx 000 0 und d | ||
| 010 | _a207013 | ||
| 040 | _cCHAP | ||
| 082 | _aPA-C 595.75 H4 | ||
| 100 |
_aBare, Clarence O. _9173110 |
||
| 245 |
_aA martarega from british Honduras (Hemiptera, notonectidae) / _c by Clarence O. Bare |
||
| 300 | _a2 p. | ||
| 440 |
_aHemiptera; 14 _9173407 |
||
| 500 | _aSobretiro de: J. Kan. Ent. Soc. 5 (2): 60-61, 1032. Encuadernado con otros impresos similares | ||
| 650 |
_a _x HemÃpteros _x colecciones de escritos _x Notonectidae _9173209 |
||
| 710 |
_aJournal Kansas Entomological Society 5 (2) _9173447 |
||
| 901 | _aPA-C 595.75 H4 | ||
| 902 | _aA | ||
| 905 | _a000000 0000000000 00 | ||
| 910 | _a | ||
| 942 | _cPARA | ||
| 942 |
_cPARA _d1 |
||
| 999 |
_c207013 _d207013 |
||